|
|
|
|
| LEADER |
00853naa a2200313 a 4500 |
| 001 |
000053921 |
| 003 |
SVKKK |
| 005 |
20050825092254.0 |
| 008 |
050331c2004 xo e slo |
| FMT |
|
|
|
| 038 |
|
|
|a SVKKK
|
| 040 |
|
|
|a SVKKK
|b slo
|e AACR2
|
| 041 |
0 |
|
|a slo
|
| 044 |
|
|
|a xo
|c SK
|
| 080 |
|
|
|a 061.3:23/28
|2 1997
|
| 080 |
|
|
|a 23/28:061.3
|2 1997
|
| 100 |
1 |
|
|a Rydlo, Jozef M.
|4 aut
|
| 245 |
1 |
0 |
|a Konferencia Európa bez Boha? Kresťanstvo a Slovensko
|c Jozef M. Rydlo
|
| 611 |
2 |
4 |
|a Európa bez Boha? Kresťanstvo a Slovensko
|d (8.10.2003 :
|c Bratislava, Slovensko)
|
| 650 |
0 |
4 |
|a kresťanstvo
|z Slovensko
|x konferencie
|
| 773 |
0 |
|
|t Historický zborník
|x 1335-8723-07
|g Roč. 14, č. 2 (2004), s. 169-171
|q 14:2
|
| 957 |
|
|
|a 101
|
| 958 |
|
|
|a B1
|
| 974 |
|
|
|a Čr
|
| 992 |
|
|
|a RZB
|
| BAS |
|
|
|
| 852 |
|
|
|a SVKKK
|b BIB
|
| EXP |
|
|
|
| 998 |
|
|
|a SLO
|